|
|
|
|
| LEADER |
01089pam a22002778a 4500 |
| 001 |
00025478 |
| 005 |
20171026081023.0 |
| 008 |
110805s2002 ||||||viesd |
| 041 |
0 |
# |
|a vie
|
| 082 |
1 |
4 |
|a 398.209 597
|b GI108TR
|
| 100 |
0 |
# |
|a Phạm Thu Yến
|e chủ biên
|
| 245 |
0 |
0 |
|a Giáo trình văn học dân gian việt nam
|b Dành cho ngành ngữ văn hệ đào tạo tại chức và từ xa
|c Phạm Thu Yến;Nguyễn Bích Hà,Lê Trường Phát
|
| 260 |
# |
# |
|a H.
|b Đại học sư phạm
|c 2002
|
| 300 |
# |
# |
|a 243tr
|c 21cm.
|
| 500 |
# |
# |
|a ĐTTS ghi:Trường ĐHSP Hà Nội.Trung tâm GD từ xa
|
| 653 |
# |
# |
|a Việt Nam
|
| 653 |
# |
# |
|a giáo trình
|
| 653 |
# |
# |
|a văn học dân gian
|
| 700 |
0 |
# |
|a Lê Trường Phát
|
| 700 |
0 |
# |
|a Nguyễn Bích Hà
|
| 852 |
# |
# |
|b Kho giáo trình
|j KGT.0023377, KGT.0032743
|
| 852 |
# |
# |
|b Kho mượn
|j KGT.0032743
|
| 852 |
# |
# |
|j KGT.0032743
|j KGT.0023377
|
| 910 |
|
|
|d 05/08/2011
|
| 980 |
# |
# |
|a Trung tâm Học liệu Lê Vũ Hùng, Trường Đại học Đồng Tháp
|